| 000 | 01243nam a2200325 a 4500 | ||
|---|---|---|---|
| 001 | 34101 | ||
| 003 | BD-RjUL | ||
| 005 | 20211209052115.0 | ||
| 008 | 140514s1981 cou b 101 0 eng | ||
| 020 | _a0865312230 : | ||
| 035 | _a(BD-RjUL)34195 | ||
| 040 |
_aDLC _cDLC _dDLC _dBD-RjUL _beng |
||
| 041 | _aeng | ||
| 082 | 0 | 0 |
_a303.4 _219 _bDIR 1981 |
| 245 | 0 | 0 |
_aDirections of change : _bmodernization theory, research, and realities / _cedited by Mustafa O. Attir, Burkart Holzner, and Zdenek Suda. |
| 260 |
_aBoulder, Colo. : _bWestview Press, _c1981. |
||
| 300 |
_axviii, 276 p. ; _c24 cm. |
||
| 490 | 0 | _aA Westview special study | |
| 500 | _aA collection of essays originating from an international sociological conference held in Brussels, Belgium, December 1978. | ||
| 504 | _aIncludes bibliographies and index. | ||
| 650 | 0 |
_aSocial change _xCongresses. _9102860 |
|
| 650 | 0 |
_aIndustrialization _xSocial aspects _xCongresses. _9103662 |
|
| 650 | 0 |
_aEconomic development _xSocial aspects _xCongresses. _98036 |
|
| 700 | 1 |
_aAttir, Mustafa O. _9103663 |
|
| 700 | 1 |
_aHolzner, Burkart. _9103664 |
|
| 700 | 1 |
_aSuda, Zdenek. _9103665 |
|
| 740 | 0 | _aModernization theory, research, and realities. | |
| 942 |
_2ddc _cBK |
||
| 999 |
_c34101 _d34101 |
||